| 000 | 00000cas 2200000za 4500 |
| 001 | 9.500664 |
| 003 | CaOODSP |
| 005 | 20260515103139 |
| 007 | cr ||||||||||| |
| 008 | 150406c20039999oncmr p o f0 a0fre|d |
| 022 | |a2817-0121|y1189-5306 |
| 040 | |aCaOODSP|bfre |
| 041 | |afre|aeng |
| 043 | |an-cn-on|an-cn-qu|anl----- |
| 086 | 1 |aFs74-1-PDF |
| 245 | 00|aWater levels. |pGreat Lakes and Montreal Harbour |h[ressource électronique] = |bNiveaux d'eau. Grands Lacs et port de Montréal / |cpréparé par le Service hydrographique du Canada, Ministère des pêches et des océans. |
| 246 | 11|aNiveaux d'eau. |pGrands Lacs et port de Montréal |
| 260 | |a[Burlington, Ont.] : |bMinistère des pêches et des océans, |c[2003]- |
| 310 | |aMensuel |
| 362 | 1 |aParaît depuis janv. 2003. |
| 546 | |aTexte en anglais et français. |
| 550 | |aCo-publ. 2017- par Environnement et changement climatique Canada. |
| 691 | 07|aGestion de l'eau|2gcpds |
| 691 | 07|aLac|2gcpds |
| 710 | 1 |aCanada. |bMinistère des pêches et des océans. |
| 710 | 1 |aCanada. |bEnvironnement et changement climatique Canada. |
| 710 | 2 |aService hydrographique du Canada. |
| 791 | |tWater levels. |eeng|w(CaOODSP)9.500663 |